000 00415nam a2200157 i 4500
001 27259
003 ES-MaACL
005 20230906153603.0
007 t|
008 030114s1921 mx ||||1| spa d
100 1 _aAtl
_cDr. (
_d1875-1964)
_923760
245 1 4 _aLas artes populares en México /
_cDr. Atl.
260 _aMéxico :
_bRafael Loera,
_c1921.
300 _a2 v ;
_c24 cm.
852 _aES-MaACL
_jF-4220-21
999 _c27259
_d27259